00705nam a22002177a 450000500170000001000150001702000260003203500140005803700090007208200130008110000260009424500520012025000060017226000390017827000410021730000260025849000060028494200240029099900190031495201540033320250714110624.0 aENG-145931 a9789387162921c375.00 aEN-129463 bDBAD a362.525 aDas, Suryatapa982940 aTextbook Of Community Nutrition/cSuryatapa Das a5 aKolkatabAcademic publishersc2022 aAcademic publishersbKolkatae700073 aviii, 274p.c24cm(pb) v1 2ddccENh362.5mDAS c212346d212346 001040718NFICaBNbBNd2025-07-14eDelivery of Books Act Divisiong375.00l0o362.5 DASpEN-129463r2025-07-14 00:00:00t1v375.00w2025-07-14yEN